[Event "Titled Tue 24th Jun Early"]
[Site "chess.com INT"]
[Date "2025.06.24"]
[Round "5"]
[White "Wu, Jayden"]
[Black "Borges, Wagner da Silva"]
[Result "1-0"]
[BlackTitle "CM"]
[WhiteElo "2061"]
[BlackElo "2062"]
[WhiteFideId "30972558"]
[BlackFideId "2100401"]
[EventDate "2025.06.24"]

1. e4 e5 2. Nf3 Nc6 3. Bb5 a6 4. Ba4 Nf6 5. O-O Be7 6. Re1 b5 7. Bb3 d6 8. c3
O-O 9. h3 Na5 10. Bc2 c5 11. d4 Nd7 12. d5 c4 13. Be3 Nb7 14. Nbd2 Nf6 15. Nf1
Qc7 16. Ng3 g6 17. Nh2 Re8 18. f4 exf4 19. Bxf4 Nd7 20. Nf3 Bf8 21. Be3 Nbc5 22.
Bd4 Ne5 23. Nxe5 dxe5 24. Be3 Qe7 25. Rf1 Qh4 26. Qf3 Ra7 27. a4 Rc7 28. axb5
axb5 29. Ra5 Bh6 30. Bxc5 Bf4 31. Bf2 b4 32. Ne2 Qd8 33. Nxf4 exf4 34. Bb6 Qd6
35. Bxc7 Qxc7 36. Qxf4 Qb6+ 37. Kh1 f5 38. Raa1 bxc3 39. bxc3 Qb2 40. Rac1 Qxc3
41. exf5 Qb2 42. fxg6 1-0

[Event "Titled Tue 24th Jun Early"]
[Site "chess.com INT"]
[Date "2025.06.24"]
[Round "5"]
[White "Ivannikov, Maksim"]
[Black "Logozar, Elijah"]
[Result "1-0"]
[WhiteTitle "CM"]
[WhiteElo "2184"]
[BlackElo "1928"]
[WhiteFideId "34275339"]
[BlackFideId "30963788"]
[EventDate "2025.06.24"]

1. e4 c5 2. Nf3 Nc6 3. d4 cxd4 4. Nxd4 Nf6 5. Nc3 h5 6. Bc4 e6 7. Be3 Ng4 8.
Nxc6 bxc6 9. Qd2 Nxe3 10. Qxe3 d5 11. exd5 cxd5 12. Bxd5 Rb8 13. O-O-O Qc7 14.
Bb3 Bb7 15. Bxe6 fxe6 16. Qxe6+ Be7 17. Nb5 Qf4+ 18. Kb1 Qf6 19. Qd7+ Kf8 20.
Qc7 Kf7 21. Nd6+ Kg6 22. Nxb7 Rhc8 23. Qg3+ Kh6 24. Rd7 Qc6 25. Qe3+ Bg5 26. Qd3
g6 27. h4 Bf6 28. Qd2+ g5 29. hxg5+ Bxg5 30. Rd6+ Kh7 31. Rxh5+ Kg8 1-0

[Event "Titled Tue 24th Jun Early"]
[Site "chess.com INT"]
[Date "2025.06.24"]
[Round "5"]
[White "Wahedi, Ahmad Siar"]
[Black "Domin, Yan"]
[Result "1-0"]
[WhiteTitle "FM"]
[BlackTitle "FM"]
[WhiteElo "2239"]
[BlackElo "2222"]
[WhiteFideId "4651260"]
[BlackFideId "34169342"]
[EventDate "2025.06.24"]

1. e4 c5 2. Nf3 Nc6 3. Nc3 Nf6 4. Bc4 e6 5. d3 d5 6. exd5 Nxd5 7. Bd2 Be7 8. O-O
O-O 9. Re1 b6 10. a3 Bf6 11. Rb1 Nxc3 12. bxc3 Bb7 13. h3 Rc8 14. a4 Qd6 15. Qe2
Rfd8 16. Qe3 Ne7 17. a5 Nd5 18. Bxd5 Bxd5 19. c4 Ba8 20. Ne5 h6 21. Qg3 Kf8 22.
Bf4 Qd4 23. Ng4 bxa5 24. Nxf6 gxf6 25. Ra1 Bc6 26. Rxa5 Ra8 27. Rea1 Qd7 28. Bc7
Ke7 29. Rxa7 Rxa7 30. Rxa7 1-0

[Event "Titled Tue 24th Jun Early"]
[Site "chess.com INT"]
[Date "2025.06.24"]
[Round "5"]
[White "Hernandez Jimenez, Alexander Andres"]
[Black "Fichter, Fabian"]
[Result "1/2-1/2"]
[WhiteTitle "FM"]
[BlackTitle "FM"]
[WhiteElo "2069"]
[BlackElo "2235"]
[WhiteFideId "3900452"]
[BlackFideId "24613258"]
[EventDate "2025.06.24"]

1. e4 d5 2. exd5 Qxd5 3. Nc3 Qd6 4. d3 Nf6 5. g3 Nc6 6. Bg2 e5 7. Nf3 Be7 8. O-O
Bg4 9. h3 Bh5 10. Re1 a6 11. a3 h6 12. b4 O-O 13. Rb1 Rad8 14. g4 Bg6 15. b5 Nd4
16. Nxe5 Qc5 17. Nxg6 fxg6 18. Be3 Qxc3 19. Bxd4 Rxd4 20. Rxe7 Rf4 21. bxa6 bxa6
22. Qe1 Qxa3 23. Rxc7 Ne8 24. Re7 Nd6 25. Qe6+ Kh7 26. Qd7 R8f7 27. Rxf7 Rxf7
28. Qd8 Qc5 29. Rb8 Qxf2+ 30. Kh2 Qf4+ 31. Kg1 Qe3+ 32. Kh2 Qf4+ 33. Kg1 Qe3+
34. Kh2 Qf4+ 1/2-1/2

[Event "Titled Tue 24th Jun Early"]
[Site "chess.com INT"]
[Date "2025.06.24"]
[Round "5"]
[White "Sanhueza, Cristian"]
[Black "Akshat Sureka"]
[Result "0-1"]
[WhiteTitle "FM"]
[BlackTitle "FM"]
[WhiteElo "2213"]
[BlackElo "2339"]
[WhiteFideId "116815"]
[BlackFideId "25774492"]
[EventDate "2025.06.24"]

1. e4 c5 2. Nf3 d6 3. d4 cxd4 4. Nxd4 Nf6 5. Nc3 g6 6. h3 Bg7 7. Be3 O-O 8. Bc4
Nc6 9. Bb3 Bd7 10. O-O Rc8 11. f4 a6 12. Nf3 Qc7 13. Qe1 b5 14. a3 h6 15. f5 g5
16. Nxg5 hxg5 17. Bxg5 Nd4 18. Qh4 Nxb3 19. cxb3 d5 20. Rf3 dxe4 21. Rg3 Bxf5
22. Kh1 Bg6 23. Rf1 Rcd8 24. Bh6 Bxh6 25. Rxg6+ fxg6 26. Qxh6 Nh7 27. Re1 Qg3
28. Rc1 e3 29. Ne4 Qe5 30. Qxe3 Rd4 31. Re1 Rxe4 32. Qxe4 Rf1+ 0-1

[Event "Titled Tue 24th Jun Early"]
[Site "chess.com INT"]
[Date "2025.06.24"]
[Round "5"]
[White "Fizer, Marek"]
[Black "Harriott, Tyrell"]
[Result "0-1"]
[WhiteTitle "CM"]
[WhiteElo "2186"]
[BlackElo "1924"]
[WhiteFideId "391980"]
[BlackFideId "2086484"]
[EventDate "2025.06.24"]

1. e4 d5 2. exd5 Nf6 3. d4 Qxd5 4. Nc3 Qa5 5. Nf3 Bf5 6. Bc4 Ne4 7. Bd2 Nxd2 8.
Qxd2 e6 9. O-O Bb4 10. Qg5 O-O 11. Ne2 Bxc2 12. Qf4 Bd6 13. Qe3 Nc6 14. Rac1 Bg6
15. Rfd1 Qh5 16. Ng3 Qg4 17. Be2 Bf4 18. Qb3 Bxc1 19. Rxc1 Nxd4 20. Nxd4 Qxd4
21. Rxc7 Rac8 22. Qxb7 Rxc7 23. Qxc7 Qxb2 24. h4 Qxa2 25. h5 Bf5 26. h6 gxh6 27.
Qe5 Bg6 28. Ne4 Qb1+ 29. Kh2 Qxe4 0-1

[Event "Titled Tue 24th Jun Early"]
[Site "chess.com INT"]
[Date "2025.06.24"]
[Round "5"]
[White "Young, Cohen"]
[Black "Dreelinck, Jacob"]
[Result "0-1"]
[WhiteTitle "CM"]
[BlackTitle "FM"]
[WhiteElo "2060"]
[BlackElo "2266"]
[WhiteFideId "4317440"]
[BlackFideId "250511"]
[EventDate "2025.06.24"]

1. e4 e6 2. d4 d5 3. Nc3 Bb4 4. e5 c5 5. a3 Bxc3+ 6. bxc3 Nc6 7. h4 Qa5 8. Bd2
c4 9. h5 h6 10. Qg4 Kf8 11. Rh3 Nge7 12. Qf4 Bd7 13. Nf3 Qa4 14. Kd1 b5 15. Nh4
a5 16. Ng6+ Nxg6 17. hxg6 Nd8 18. gxf7 b4 19. cxb4 Nxf7 20. Be2 Kg8 21. Bh5 Be8
22. Rg3 axb4 23. Qf6 Ng5 24. Rxg5 Bxh5+ 25. g4 hxg5 26. Qxg5 Bf7 27. Bxb4 Rh1+
28. Ke2 Rxa1 29. Qe7 Qxc2+ 30. Kf3 Qe4+ 31. Kg3 Rg1+ 32. Kh4 Qxg4# 0-1

[Event "Titled Tue 24th Jun Early"]
[Site "chess.com INT"]
[Date "2025.06.24"]
[Round "5"]
[White "Pastor Carvajal, Jeigoth"]
[Black "Purushothaman, Thirumalai"]
[Result "1-0"]
[WhiteTitle "CM"]
[BlackTitle "FM"]
[WhiteElo "2051"]
[BlackElo "2027"]
[WhiteFideId "6516718"]
[BlackFideId "5012791"]
[EventDate "2025.06.24"]

1. Nf3 d5 2. b3 Nf6 3. Bb2 e6 4. g3 Be7 5. Bg2 O-O 6. O-O Nbd7 7. d3 c5 8. Re1
b6 9. Nbd2 Bb7 10. e4 d4 11. a4 Rc8 12. Nc4 Qc7 13. Bc1 e5 14. Nh4 a6 15. f4 b5
16. fxe5 Nxe5 17. Nxe5 Qxe5 18. Nf5 Qe6 19. Bh3 Kh8 20. Nxe7 Qxe7 21. Bxc8 Bxc8
22. Bg5 h6 23. Bxf6 Qxf6 24. Rf1 Qg6 25. axb5 axb5 26. Ra7 Bg4 27. Qe1 f6 28.
Qf2 Qg5 29. Qf4 Qh5 30. Rfa1 g5 31. Qc7 1-0

[Event "Titled Tue 24th Jun Early"]
[Site "chess.com INT"]
[Date "2025.06.24"]
[Round "5"]
[White "Kobalia, Mikhail"]
[Black "Shafer, Logan C"]
[Result "1/2-1/2"]
[WhiteTitle "GM"]
[BlackTitle "CM"]
[WhiteElo "2538"]
[BlackElo "2217"]
[WhiteFideId "4119150"]
[BlackFideId "30993342"]
[EventDate "2025.06.24"]

1. c4 Nf6 2. Nf3 e6 3. g3 d5 4. Bg2 dxc4 5. Qa4+ c6 6. Qxc4 b5 7. Qc2 Bb7 8. O-O
Nbd7 9. a4 a6 10. d3 Be7 11. Nc3 O-O 12. Rd1 Qb6 13. Be3 Bc5 14. d4 Bd6 15. d5
Bc5 16. Bxc5 Nxc5 17. b4 Nxa4 18. Nxa4 bxa4 19. dxe6 fxe6 20. Qc5 Qxc5 21. bxc5
Nd5 22. Rdc1 a5 23. Rxa4 Ba6 24. Rxa5 Bxe2 25. Rxa8 Rxa8 26. Nd4 Bb5 27. Nxe6
Nc3 28. Nd4 Ra4 29. Nxb5 Ne2+ 30. Kf1 Nxc1 31. Bxc6 Kf8 32. Bd5 Ra5 33. Bc4 Ra4
34. Bd5 Ra5 35. Nd4 Nd3 36. c6 Rxd5 37. c7 Rxd4 38. c8=Q+ Ke7 39. Qb7+ Rd7 40.
Qe4+ Kf8 41. Qf5+ Ke7 42. Qxh7 Kf8 43. Qf5+ Ke7 44. Ke2 Nb4 45. Qc5+ Kf7 46.
Qxb4 g5 47. Qc4+ Kg7 48. Kf3 Rf7+ 49. Qxf7+ Kh8 50. Kg4 1/2-1/2

[Event "Titled Tue 24th Jun Early"]
[Site "chess.com INT"]
[Date "2025.06.24"]
[Round "5"]
[White "FAWOLE, John Oyeyemi"]
[Black "Castillo, Santiago"]
[Result "0-1"]
[WhiteTitle "FM"]
[WhiteElo "1987"]
[BlackElo "2163"]
[WhiteFideId "8501319"]
[BlackFideId "108936"]
[EventDate "2025.06.24"]

1. e4 c5 2. Nf3 e6 3. d3 Nc6 4. g3 g6 5. Bg2 Bg7 6. O-O Nge7 7. c3 b6 8. Qe2 d6
9. Nbd2 Bb7 10. Re1 O-O 11. Nf1 h6 12. h4 d5 13. e5 Nf5 14. N1h2 h5 15. Bf4 a5
16. a3 a4 17. Rad1 Na5 18. Ng5 Rc8 19. Nhf3 d4 20. c4 Qd7 21. Ne4 Bc6 22. Nf6+
Bxf6 23. exf6 Qb7 24. Rf1 b5 25. cxb5 Qxb5 26. Ne5 Bxg2 27. Kxg2 c4 28. dxc4
Nxc4 29. Kh2 Qxb2 30. Qd3 Nce3 31. Rd2 Qxd2 32. Qxd2 Nxf1+ 33. Kg2 Nxd2 34. Bxd2
Rc2 35. Bb4 Rb8 36. Nd3 Ne3+ 37. Kf3 Nd5 38. Bd6 Rb3 39. Ke4 Nxf6+ 40. Kxd4 Rd2
41. Kc4 Rbxd3 0-1

[Event "Titled Tue 24th Jun Early"]
[Site "chess.com INT"]
[Date "2025.06.24"]
[Round "5"]
[White "Alonso Rosell, Alvar"]
[Black "Novosel, Lovro"]
[Result "1-0"]
[WhiteTitle "GM"]
[BlackTitle "FM"]
[WhiteElo "2536"]
[BlackElo "2338"]
[WhiteFideId "2270544"]
[BlackFideId "14547120"]
[EventDate "2025.06.24"]

1. d4 Nf6 2. c4 c5 3. d5 b5 4. cxb5 a6 5. e3 d6 6. Nc3 g6 7. a4 Bg7 8. Nf3 O-O
9. e4 axb5 10. Bxb5 Ba6 11. Bxa6 Rxa6 12. O-O Nbd7 13. Qc2 Qa8 14. Nb5 Qb7 15.
Bd2 Rfa8 16. Bc3 Ne8 17. Bxg7 Kxg7 18. Nd2 Nc7 19. Nxc7 Qxc7 20. Ra3 Rb6 21. a5
Rb5 22. Nc4 Qb7 23. Rfa1 Qa6 24. h4 h5 25. Rf3 Rb4 26. b3 Rab8 27. Re1 f6 28. e5
fxe5 29. Rg3 Nf8 30. f4 Rxc4 31. bxc4 Qxa5 32. Rge3 Nd7 33. Rf1 exf4 34. Rxe7+ 1-0

[Event "Titled Tue 24th Jun Early"]
[Site "chess.com INT"]
[Date "2025.06.24"]
[Round "5"]
[White "Arnav, Maheshwari"]
[Black "Weetik, Vjacheslav"]
[Result "1-0"]
[WhiteTitle "FM"]
[BlackTitle "FM"]
[WhiteElo "2295"]
[BlackElo "2423"]
[WhiteFideId "25660357"]
[BlackFideId "4153472"]
[EventDate "2025.06.24"]

1. h3 e5 2. e4 Nf6 3. Nc3 Bb4 4. Bc4 c6 5. Nf3 d5 6. exd5 e4 7. Nd4 O-O 8. O-O
cxd5 9. Bb3 Bc5 10. Nce2 Qb6 11. c3 Nc6 12. Nxc6 bxc6 13. d4 exd3 14. Qxd3 Ba6
15. c4 dxc4 16. Bxc4 Rad8 17. Qc2 Bxc4 18. Qxc4 Bxf2+ 19. Kh1 h6 20. Bxh6 Rfe8
21. Bg5 Rd6 22. Nc3 Nh5 23. Bh4 Rd2 24. Ne4 1-0

[Event "Titled Tue 24th Jun Early"]
[Site "chess.com INT"]
[Date "2025.06.24"]
[Round "5"]
[White "Lazavik, Denis"]
[Black "Rustemov, Alexander"]
[Result "1-0"]
[WhiteTitle "GM"]
[BlackTitle "GM"]
[WhiteElo "2580"]
[BlackElo "2525"]
[WhiteFideId "13515110"]
[BlackFideId "4119002"]
[EventDate "2025.06.24"]

1. Nf3 d5 2. b3 Bf5 3. Bb2 Nf6 4. Nh4 Bd7 5. g3 e6 6. Bg2 Be7 7. O-O O-O 8. c4
c5 9. Nf3 Nc6 10. e3 Qc7 11. Nc3 a6 12. cxd5 exd5 13. d4 Be6 14. Rc1 Rfd8 15.
dxc5 Bxc5 16. Ne2 Qe7 17. Bxf6 gxf6 18. Nf4 Rac8 19. Re1 Kh8 20. Nd4 Qd6 21.
Rxc5 Qxc5 22. Ndxe6 fxe6 23. Nxe6 Qd6 24. Nxd8 Rxd8 25. Qh5 Kg7 26. Rd1 Ne7 27.
Qg4+ Kf7 28. h4 b6 29. Qh5+ Kg7 30. Rd4 f5 31. Qg5+ Kf7 32. Bh3 Qf6 33. Qf4 Qd6
34. Bxf5 Qxf4 35. Rxf4 Kg7 36. Be6 Ng6 37. Rf7+ Kh6 38. Rb7 Rd6 39. Bf5 b5 40.
f4 d4 41. exd4 Rxd4 42. h5 1-0

[Event "Titled Tue 24th Jun Early"]
[Site "chess.com INT"]
[Date "2025.06.24"]
[Round "5"]
[White "Gustafsson, Jan"]
[Black "Rahmilevitz, Anton"]
[Result "1-0"]
[WhiteTitle "GM"]
[WhiteElo "2591"]
[BlackElo "2243"]
[WhiteFideId "4625498"]
[BlackFideId "2809699"]
[EventDate "2025.06.24"]

1. Nf3 c5 2. c4 Nf6 3. b3 g6 4. Bb2 Bg7 5. g3 O-O 6. Bg2 Nc6 7. O-O d6 8. d4
cxd4 9. Nxd4 Ne5 10. Nc3 a6 11. Qd2 Rb8 12. Rfd1 Bd7 13. Rac1 Re8 14. h3 h5 15.
e3 Kh7 16. f4 Nc6 17. Nf3 Kg8 18. Ng5 Nh7 19. Nce4 Nxg5 20. Nxg5 Rf8 21. Bxg7
Kxg7 22. c5 f6 23. cxd6 e5 24. Ne4 Re8 25. Nc5 h4 26. gxh4 exf4 27. exf4 Bf5 28.
Nxb7 Qb6+ 29. Qf2 Rxb7 30. Bxc6 Re3 31. Rd2 Bxh3 32. Bxb7 Rg3+ 33. Kh1 Qxb7+ 34.
Kh2 Rg2+ 35. Qxg2 Bxg2 36. d7 Qe4 37. d8=Q Qxf4+ 38. Kxg2 Qg4+ 39. Kf2 1-0

[Event "Titled Tue 24th Jun Early"]
[Site "chess.com INT"]
[Date "2025.06.24"]
[Round "5"]
[White "Ganzhurov, Roman"]
[Black "Goldin, Roman"]
[Result "1-0"]
[WhiteTitle "FM"]
[BlackTitle "FM"]
[WhiteElo "2082"]
[BlackElo "2299"]
[WhiteFideId "4179501"]
[BlackFideId "2803860"]
[EventDate "2025.06.24"]

1. d4 Nf6 2. c4 Nc6 3. Nf3 d6 4. d5 Ne5 5. Nxe5 dxe5 6. Nc3 e6 7. Bg5 h6 8. Bh4
Bc5 9. e4 O-O 10. Be2 exd5 11. cxd5 a6 12. O-O Bd7 13. Rc1 Qe7 14. Qb3 b5 15.
Bxf6 gxf6 16. Bd3 Kh7 17. Ne2 Rg8 18. Ng3 Rg5 19. Qd1 Rag8 20. a4 h5 21. Kh1 h4
22. Nf5 Bxf5 23. exf5 e4 24. Re1 Bxf2 25. Rxe4 Qd6 26. Qf3 Bb6 27. axb5 a5 28.
Rc6 Qd7 29. Rxh4+ Kg7 30. h3 Rd8 31. Be4 Re8 32. Rg4 Qe7 33. Rxg5+ 1-0

[Event "Titled Tue 24th Jun Early"]
[Site "chess.com INT"]
[Date "2025.06.24"]
[Round "5"]
[White "Viskelis, Darius"]
[Black "Pranav K P"]
[Result "0-1"]
[WhiteTitle "FM"]
[BlackTitle "FM"]
[WhiteElo "2170"]
[BlackElo "2276"]
[WhiteFideId "12800830"]
[BlackFideId "25685805"]
[EventDate "2025.06.24"]

1. e4 d5 2. exd5 Qxd5 3. Nc3 Qd8 4. Bc4 Nf6 5. Nf3 e6 6. d4 Bd6 7. O-O O-O 8.
Re1 b6 9. Bg5 Bb7 10. Ne5 Be7 11. Qd2 Nbd7 12. Rad1 Rc8 13. Qf4 Nd5 14. Bxe7
Nxf4 15. Bxd8 Rfxd8 16. f3 Nxe5 17. dxe5 Kf8 18. Kf2 Ke7 19. g3 Nh3+ 20. Ke3 Ng5
21. f4 Nf3 22. Rh1 Nd4 23. Rhg1 Nxc2+ 24. Kf2 a6 25. a4 c5 26. g4 Rd4 27. Bb3
Rxf4+ 28. Kg3 Rf3+ 29. Kh4 h6 30. Rg3 Rf2 31. h3 Nd4 32. Bc4 Nf3+ 33. Kh5 Nxe5
34. Be2 g6+ 35. Kxh6 Rh8+ 36. Kg7 Re8 37. g5 Rf4 0-1

[Event "Titled Tue 24th Jun Early"]
[Site "chess.com INT"]
[Date "2025.06.24"]
[Round "5"]
[White "Korobov, Anton"]
[Black "Tekeyev, Zaur"]
[Result "1-0"]
[WhiteTitle "GM"]
[BlackTitle "IM"]
[WhiteElo "2631"]
[BlackElo "2407"]
[WhiteFideId "14105730"]
[BlackFideId "4199731"]
[EventDate "2025.06.24"]

1. c4 e5 2. d3 Nf6 3. Nf3 Nc6 4. a3 a5 5. e3 g6 6. b3 Bg7 7. Bb2 d6 8. Nc3 O-O
9. Be2 Nd7 10. O-O f5 11. d4 g5 12. dxe5 dxe5 13. Nd5 g4 14. Nd2 e4 15. Bxg7
Kxg7 16. b4 Nce5 17. Nb3 c6 18. Nf4 Nf6 19. Qxd8 Rxd8 20. Nxa5 Ng6 21. Nb3 Nxf4
22. exf4 b6 23. Rfc1 Be6 24. Kf1 Ra7 25. Ke1 Rda8 26. Nd4 Bd7 27. Nc2 Ne8 28.
Rd1 Kf7 29. Kd2 Ke7 30. Kc3 Ng7 31. g3 Ne6 32. Kb2 c5 33. Rd5 Ba4 34. Ne3 Nd4
35. Nxf5+ Nxf5 36. Rxf5 Bd7 37. Re5+ Kd6 38. Rd1+ Kc7 39. Re7 Kd8 40. Rxh7 cxb4
41. Bxg4 bxa3+ 42. Ka2 1-0

[Event "Titled Tue 24th Jun Early"]
[Site "chess.com INT"]
[Date "2025.06.24"]
[Round "5"]
[White "Suarez, Sebastian"]
[Black "Oatlhotse, Providence"]
[Result "0-1"]
[BlackTitle "IM"]
[WhiteElo "2161"]
[BlackElo "2241"]
[WhiteFideId "30979080"]
[BlackFideId "11300507"]
[EventDate "2025.06.24"]

1. d4 Nf6 2. c4 g6 3. g3 Bg7 4. Bg2 O-O 5. Nc3 d6 6. Nf3 Nbd7 7. O-O e5 8. dxe5
dxe5 9. Qc2 c6 10. Rd1 Qe7 11. b3 Re8 12. e3 h6 13. Bb2 Nf8 14. a4 Bf5 15. e4
Bg4 16. Ba3 Qc7 17. Bd6 Qc8 18. Rd2 Bxf3 19. Bxf3 N6d7 20. Bg4 Ne6 21. Bxe6 Rxe6
22. Ba3 Bf8 23. Bxf8 Nxf8 24. Rad1 Re7 25. c5 Ne6 26. Ne2 Kg7 27. Qc3 Qc7 28.
Nf4 Nxf4 29. gxf4 Rae8 30. Rd6 Kg8 31. f5 Kg7 32. f6+ Kg8 33. fxe7 Qxe7 34. Rd7
Qg5+ 35. Qg3 Qh5 36. R1d3 Re6 37. Qf3 Qg5+ 38. Kf1 Rf6 39. Rd8+ Kg7 40. Qe3 Qh4
41. Qg3 Qxe4 42. Rd1 Rf3 43. Qg2 Qf5 44. R8d7 e4 45. Kg1 Rf4 46. Kh1 Rg4 47. Qh3
Rg1+ 48. Kxg1 Qxh3 49. Rxb7 Qg4+ 50. Kf1 Qxd1+ 51. Kg2 Qf3+ 52. Kf1 e3 53. Ke1
Qxf2+ 54. Kd1 Qd2# 0-1

[Event "Titled Tue 24th Jun Early"]
[Site "chess.com INT"]
[Date "2025.06.24"]
[Round "5"]
[White "Sayce, Hannah"]
[Black "Guerrero Cataldo, Juan Andres"]
[Result "0-1"]
[WhiteTitle "WCM"]
[BlackTitle "CM"]
[WhiteElo "1877"]
[BlackElo "2082"]
[WhiteFideId "3250695"]
[BlackFideId "3421260"]
[EventDate "2025.06.24"]

1. e4 g6 2. d4 Bg7 3. Nc3 c5 4. Nf3 Nc6 5. dxc5 Qa5 6. Bd3 Qxc5 7. O-O Nf6 8.
Be3 Qa5 9. Qe2 O-O 10. h3 d6 11. Rad1 a6 12. Qd2 Re8 13. Nd4 Ne5 14. Nb3 Qd8 15.
Be2 b5 16. f4 Nc4 17. Bxc4 bxc4 18. Nd4 Bb7 19. e5 dxe5 20. fxe5 Nd5 21. e6 f6
22. Ne4 Nxe3 23. Qxe3 Qd5 24. Rd2 Qxe4 25. Qxe4 Bxe4 26. Re1 Bb7 27. c3 f5 28.
Ne2 Rad8 29. Rc2 Be4 30. Rcc1 Bh6 31. Rcd1 Be3+ 32. Kh2 Bd3 33. Ng3 Bf4 34. h4
Kg7 35. h5 gxh5 36. Rg1 h4 37. Kh3 Bxg3 38. Rdf1 f4 39. Rf3 Bf5# 0-1

[Event "Titled Tue 24th Jun Early"]
[Site "chess.com INT"]
[Date "2025.06.24"]
[Round "5"]
[White "Odabasi, Ruzgar"]
[Black "Alonso Orta, Osiel Alberto"]
[Result "1-0"]
[WhiteTitle "CM"]
[BlackTitle "FM"]
[WhiteElo "2170"]
[BlackElo "2280"]
[WhiteFideId "51604787"]
[BlackFideId "3531279"]
[EventDate "2025.06.24"]

1. g3 Nf6 2. Bg2 g6 3. Nf3 Bg7 4. O-O O-O 5. d3 d6 6. c4 Nbd7 7. Nc3 e5 8. Rb1
a5 9. a3 Re8 10. Nd2 Nf8 11. b4 axb4 12. axb4 h5 13. Bb2 h4 14. b5 h3 15. Bf3
Ne6 16. e3 Ng5 17. Bh1 Bg4 18. Qc2 Rb8 19. Ra1 Qd7 20. Ra7 Bh6 21. f4 exf4 22.
exf4 Ne6 23. Nde4 Bg7 24. Nxf6+ Bxf6 25. Nd5 Bd4+ 26. Bxd4 Nxd4 27. Qf2 Ne2+ 28.
Qxe2 Rxe2 29. Nf6+ Kf8 30. Nxd7+ Bxd7 31. Rxb7 Rxb7 32. Bxb7 Bf5 33. Rd1 Re3 34.
d4 Bd3 35. Bd5 Bf5 36. c5 Rc3 37. cxd6 cxd6 38. b6 Rc8 39. b7 Rb8 40. Ra1 Kg7
41. Ra8 Rxb7 42. Bxb7 f6 43. Bf3 g5 44. fxg5 fxg5 45. g4 Be6 46. Kf2 d5 47. Kg3
Kf7 48. Ra7+ Ke8 49. Kxh3 1-0

[Event "Titled Tue 24th Jun Early"]
[Site "chess.com INT"]
[Date "2025.06.24"]
[Round "5"]
[White "Ivanov, Andrey A."]
[Black "Vinolas Anglada, Laura"]
[Result "1-0"]
[WhiteTitle "CM"]
[BlackTitle "WCM"]
[WhiteElo "2120"]
[BlackElo "2059"]
[WhiteFideId "2514311"]
[BlackFideId "24517925"]
[EventDate "2025.06.24"]

1. Nf3 d5 2. d4 Nf6 3. c4 e6 4. Nc3 Bb4 5. cxd5 exd5 6. Bg5 h6 7. Bh4 O-O 8. e3
Bf5 9. Qb3 Bxc3+ 10. bxc3 c5 11. Qxb7 Nbd7 12. Be2 Qb6 13. Qxb6 axb6 14. Bxf6
Nxf6 15. Ne5 Ra3 16. O-O Rfa8 17. c4 cxd4 18. exd4 Rxa2 19. Rxa2 Rxa2 20. Re1
Rd2 21. Nf3 Ra2 22. cxd5 Nxd5 23. Bc4 Ra5 24. Re5 Be6 25. h3 Kf8 26. Nd2 Ke7 27.
Nb3 f6 28. Re1 Kd6 29. Nxa5 bxa5 30. Ra1 Nf4 31. Bxe6 Kxe6 32. Kf1 Kd5 33. Rxa5+
Kxd4 34. Ra7 Ne6 35. Re7 Kd5 36. g3 Kd6 37. Ra7 Ke5 38. Kg2 Kf5 39. f4 Kg6 40.
Kf3 h5 41. g4 hxg4+ 42. hxg4 Nf8 43. f5+ Kg5 44. Rxg7+ Kh6 45. Rf7 Nh7 46. Kf4
Ng5 47. Rxf6+ 1-0

[Event "Titled Tue 24th Jun Early"]
[Site "chess.com INT"]
[Date "2025.06.24"]
[Round "5"]
[White "Henriquez Villagra, Cristobal"]
[Black "Xiong, Jeffery"]
[Result "0-1"]
[WhiteTitle "GM"]
[BlackTitle "GM"]
[WhiteElo "2597"]
[BlackElo "2639"]
[WhiteFideId "3409350"]
[BlackFideId "2047640"]
[EventDate "2025.06.24"]

1. e4 e5 2. Nf3 Nf6 3. d3 Nc6 4. g3 Be7 5. Bg2 O-O 6. c4 Bc5 7. Nc3 d6 8. O-O
Bg4 9. h3 Bxf3 10. Qxf3 Nd4 11. Qd1 c6 12. Na4 b5 13. Nxc5 dxc5 14. f4 Nd7 15.
Be3 Qe7 16. Rc1 Nb6 17. b3 Rad8 18. Rf2 a5 19. Qh5 a4 20. bxa4 Nxa4 21. fxe5 b4
22. h4 Nc3 23. Kh2 Ra8 24. Bxd4 cxd4 25. Rcc2 Ra5 26. Bh3 Rxe5 27. Qg4 g6 28.
Qf4 f6 29. Kg2 Kg7 30. Qc1 Ra8 31. Qf4 Ra3 32. Rcd2 h5 33. c5 g5 34. Qf3 Nxe4
35. hxg5 Nxf2 36. Rxf2 Rxg5 37. Qxc6 Rxd3 0-1

[Event "Titled Tue 24th Jun Early"]
[Site "chess.com INT"]
[Date "2025.06.24"]
[Round "5"]
[White "Liu, Jason"]
[Black "Sailer, Mike"]
[Result "0-1"]
[WhiteTitle "CM"]
[WhiteElo "2125"]
[BlackElo "2108"]
[WhiteFideId "2514656"]
[BlackFideId "2012901"]
[EventDate "2025.06.24"]

1. e4 d5 2. exd5 Qxd5 3. d4 Nc6 4. Nf3 Bg4 5. Be2 O-O-O 6. c4 Qf5 7. Be3 Nf6 8.
Nc3 e5 9. d5 e4 10. Nd4 Nxd4 11. Bxd4 Bd6 12. Bxf6 Bxe2 13. Qxe2 Qxf6 14. O-O
Qe5 15. g3 f5 16. Nb5 Kb8 17. Qe3 b6 18. Nd4 Kb7 19. Nc6 Qxb2 20. Nxd8+ Rxd8 21.
a4 Bc5 22. Qf4 a5 23. Rab1 Qf6 24. Rb5 g5 25. Qd2 f4 26. Rfb1 e3 27. Qe2 exf2+
28. Kf1 Be3 29. Rxa5 Qf5 30. Rb2 Qh3# 0-1

[Event "Titled Tue 24th Jun Early"]
[Site "chess.com INT"]
[Date "2025.06.24"]
[Round "5"]
[White "Damaraju, Ashwin"]
[Black "Porozhnyak, Maya"]
[Result "0-1"]
[BlackTitle "WCM"]
[WhiteElo "2084"]
[BlackElo "1953"]
[WhiteFideId "39908348"]
[BlackFideId "34115843"]
[EventDate "2025.06.24"]

1. e4 c5 2. Nc3 e6 3. d4 cxd4 4. Qxd4 a6 5. Qd3 b5 6. Bf4 Bb7 7. O-O-O Nf6 8. e5
Nd5 9. Nxd5 Bxd5 10. Qe3 Qc7 11. Bd3 Bxg2 12. Ne2 Bxh1 13. Rxh1 Be7 14. Rg1 g6
15. Ng3 Nc6 16. Ne4 Nb4 17. Bg5 Qxe5 18. Bxe7 Kxe7 19. Rg5 f5 20. f4 Nxd3+ 21.
cxd3 Rac8+ 22. Kb1 Qc7 23. Nc3 Kf7 24. a3 Qc5 25. d4 Qc4 26. Rg1 b4 27. axb4
Qxb4 28. d5 Rb8 29. dxe6+ dxe6 30. Rg2 Rhc8 31. Re2 Rc6 32. Rd2 Rb7 33. Rd3 Rxc3
34. Rxc3 Qxb2# 0-1